Tilastot visalle Välimeren maat

Klikkaa tästä pelataksesi tätä visaa!

Yleistilastot

  • Tätä visaa on pelattu 1 599 kertaa
  • Keskiarvotulos 18 / 21

Vastaustilastot

Valtio% Oikein
Italia
98%
Espanja
97%
Kreikka
97%
Egypti
94%
Turkki
94%
Kroatia
92%
Albania
88%
Malta
88%
Algeria
87%
Kypros
87%
Marokko
87%
Tunisia
86%
Ranska
85%
Israel
84%
Libya
83%
Bosnia ja Hertsegovina
80%
Monaco
80%
Montenegro
76%
Slovenia
73%
Syyria
71%
Libanon
70%

Tulosjakauma

Persentiili vastausten määrän mukaan

Jokaisen tuloksen saaneiden osuus

Tuloshistoriasi

Et ole pelannut tätä visaa